The portable Van Gogh / (Record no. 18389)
[ view plain ]
| 000 -LEADER | |
|---|---|
| fixed length control field | 01376cam a22003257a 4500 |
| 008 - FIXED-LENGTH DATA ELEMENTS--GENERAL INFORMATION | |
| fixed length control field | 020516s2002 nyua bc 001 0deng d |
| 020 ## - INTERNATIONAL STANDARD BOOK NUMBER | |
| International Standard Book Number | 0789308037 (pbk.) |
| 050 00 - LIBRARY OF CONGRESS CALL NUMBER | |
| Classification number | ND653.G7 |
| Item number | A4 2002a |
| 100 1# - MAIN ENTRY--PERSONAL NAME | |
| Personal name | Gogh, Vincent van |
| 245 14 - TITLE STATEMENT | |
| Title | The portable Van Gogh / |
| Statement of responsibility, etc. | with an essay by Robert Hughes. |
| 246 18 - VARYING FORM OF TITLE | |
| Title proper/short title | Van Gogh |
| 260 ## - PUBLICATION, DISTRIBUTION, ETC. (IMPRINT) | |
| Place of publication, distribution, etc. | New York, NY : |
| Name of publisher, distributor, etc. | Universe, |
| Date of publication, distribution, etc. | 2002. |
| 300 ## - PHYSICAL DESCRIPTION | |
| Extent | 430 p. : |
| Other physical details | chiefly col. ill. ; |
| Dimensions | 20 cm. |
| 504 ## - BIBLIOGRAPHY, ETC. NOTE | |
| Bibliography, etc | Includes bibliographical references (p. 418) and index. |
| 700 1# - ADDED ENTRY--PERSONAL NAME | |
| Personal name | Hughes, Robert |
| 942 ## - ADDED ENTRY ELEMENTS (KOHA) | |
| Source of classification or shelving scheme | |
| Koha item type | Hard Covered Materials |
| Classification part | ND653.G7 A4 2002a |
| Withdrawn status | Lost status | Source of classification or shelving scheme | Damaged status | Not for loan | Home library | Current library | Shelving location | Date acquired | Source of acquisition | Total Checkouts | Full call number | Barcode | Date last seen | Price effective from | Koha item type |
|---|---|---|---|---|---|---|---|---|---|---|---|---|---|---|---|
| MACHAKOS UNIVERSITY LIBRARY | MACHAKOS UNIVERSITY LIBRARY | Technical section | 19/12/2016 | Donation(BFA) | ND653.G7 A4 2002a | 29154 | 11/07/2018 | 19/12/2016 | Hard Covered Materials |